00476nam a2200145Ia 4500008004100000041000800041082001600049100002000065245004900085250000600134300000800140650003300148999001900181952013000200210716s9999 xx 000 0 und d aeng a658.15 PRAG aPrabhu, G Lobo. aFinancial terms concepts and schemes A to Z. a1 a568 aFinancial Management(658.15) c198152d198152 00102ddc40738MBAaAIMITbAIMITd2004-10-30g950.00l0o658.15 PRAGpMBA00717r2025-07-21 00:00:00v699.39w2021-07-16yBK